000 00494pab a2200169 454500
008 180718b2005 xxu||||| |||| 00| 0 eng d
100 _aField, Bonnie N.
245 _aDe-thawing democracy: the decline of political party collaboration in Spain (1977 to 2004)
260 _c2005
300 _ap.1079-103.
362 _aNov
650 _aDemocracy - Spain
650 _aPolitical parties - Spain
650 _aPolitical parties
773 _aComparative Political Studies
909 _a67855
999 _c67855
_d67855